[Event "Targu Mures op 3rd"]
[Site "Targu Mures"]
[Date "2022.06.05"]
[Round "1"]
[White "Salagean, Viorel"]
[Black "Csaszar, Attila"]
[Result "1/2-1/2"]
[WhiteElo "1381"]
[BlackElo "2002"]
[PlyCount "53"]
[EventDate "2022.06.05"]
[EventType "swiss"]
[EventRounds "9"]
[EventCountry "ROU"]
[SourceTitle "EXT 2024"]
[Source "ChessBase"]
[SourceDate "2023.10.10"]
[SourceVersion "1"]
[SourceVersionDate "2023.10.10"]
[SourceQuality "1"]

1. e4 c5 2. Nf3 Nc6 3. d4 cxd4 4. Nxd4 Nf6 5. Nc3 e5 6. Ndb5 d6 7. f3 a6 8. Na3 Be6 9. Be3 Be7 10. Nc4 b5 11. Nb6 Rb8 12. Nbd5 0-0 13. a3 Bxd5 14. Nxd5 Nxd5 15. Qxd5 Qa5+ 16. c3 Qc7 17. Be2 Bh4+ 18. g3 Ne7 19. Qd2 Bf6 20. 0-0 Rfd8 21. Rfd1 d5 22. Qe1 Qc6 23. Bd3 Kh8 24. Rac1 g5 25. Qf2 Qe6 26. Bb1 h6 27. Bc5 1/2-1/2

[Event "ROM-ch"]
[Site "Baile Olanesti"]
[Date "2013.02.17"]
[Round "2"]
[White "Dobre, Claudiu Cristian"]
[Black "Csaszar, Attila"]
[Result "1-0"]
[WhiteElo "2292"]
[BlackElo "2083"]
[PlyCount "49"]
[EventDate "2013.02.16"]
[EventType "swiss"]
[EventRounds "11"]
[EventCountry "ROU"]
[SourceTitle "CBM 153 Extra"]
[Source "ChessBase"]
[SourceDate "2013.04.22"]
[SourceVersion "1"]
[SourceVersionDate "2013.04.22"]
[SourceQuality "1"]

1. d4 d5 2. c4 c6 3. Nf3 Nf6 4. Nbd2 e6 5. g3 Qa5 6. Qc2 Nbd7 7. Bg2 b5 8. b3 Bb7 9. Bb2 Rc8 10. c5 Ne4 11. 0-0 Ndf6 12. Nxe4 Nxe4 13. Ne5 Nf6 14. f4 g6 15. g4 Rc7 16. Bc3 b4 17. Be1 Qb5 18. f5 Bg7 19. g5 Nd7 20. f6 Bf8 21. Nd3 a5 22. a3 e5 23. axb4 e4 24. Rxa5 exd3 25. exd3 1-0